000 01033cam a2200277 4500
001 3120
003 BD-RjUL
005 20211208233659.0
008 131218s1969 nyuab b 000 0 eng
035 _a(BD-RjUL)3154
040 _aDLC
_cDLC
_dDLC
_dBD-RjUL
_beng
041 _aeng
082 0 0 _a338.10972
_bVEA
100 1 _aVenezian L., Eduardo.
_99887
245 1 4 _aThe agricultural development of Mexico;
_bits structure and growth since 1950 /
_c[by] Eduardo L. Venezian [and] William K. Gamble. Foreword by Lowell S. Hardin.
260 _aNew York,
_bPraeger
_cc1969.
300 _axxii, 281 p.:
_billus., maps.;
_c25 cm.
490 0 _aBench mark studies on agricultural development in Latin America, no. 2
490 0 _aPraeger special studies in international economics and development.
504 _aIncludes bibliographical references.
650 0 _aAgriculture
_zMexico
_xHistory.
_99888
700 1 _aGamble, William K.,
_d1920-
_ejoint author.
_99889
942 _2ddc
_cBK
999 _c3120
_d3120